|
|
|
|
| LEADER |
00000nab a2200000 a 4500 |
| 001 |
vtls001007906 |
| 003 |
SK-MaSNL |
| 005 |
20260303193916.0 |
| 008 |
040720e20001129xo 0 slo |
| 035 |
|
|
|a RV8506
|
| 040 |
|
|
|a RVGKPD
|b slo
|c RVGKPD
|e AACR2
|
| 041 |
0 |
|
|a slo
|
| 044 |
|
|
|a xo
|c SK
|
| 080 |
|
|
|a 792.2
|2 1981
|
| 100 |
0 |
|
|a pan
|4 aut
|9 827435
|
| 245 |
1 |
0 |
|a Actores s lahôdkou
|b Festival nezávislých divadiel Slovenska úspešne pokračuje
|
| 500 |
|
|
|a informácie
|
| 610 |
2 |
7 |
|a Divadlo Actores Rožňava
|2 RVGKPD
|9 58587
|
| 650 |
0 |
7 |
|a divadlo
|2 RVGKPD
|9 3335
|
| 650 |
0 |
7 |
|a hosťovanie
|2 RVGKPD
|9 347282
|
| 651 |
|
7 |
|a Rožňava (Slovensko)
|2 RVGKPD
|9 17394
|
| 651 |
|
7 |
|a Košice (Slovensko)
|2 RVGKPD
|9 18694
|
| 655 |
|
7 |
|a periodikum
|2 snkbucl
|9 29553
|
| 710 |
2 |
|
|a Divadlo Actores Rožňava
|4 aut
|9 58587
|
| 773 |
0 |
8 |
|t Košický večer
|g Roč. 11, č.228, 29.11.2000, s. 2
|
| 852 |
|
|
|a ZVYKNI
|b KIS3GCP
|
| 999 |
|
|
|c 2154656
|d 2156586
|